000 00515nam a2200181Ia 4500
003 OSt
005 20250813153733.0
008 210210b1957 xxu||||| |||| 00| 0 eng d
040 _cAL
041 _akan
082 _a859/830
100 _aDASHARATHI DIKSHITA
_9144944
_dದಾಶರಥಿ ದೀಕ್ಷಿತಾ
245 _aVaidyana vivaha:
_bವೈದ್ಯನ ವಿವಾಹ
260 _aBengaluru
_bStandard Book Dipo
_c1957
690 _aKannada Fiction
_9144945
906 _a021590
942 _2ddc
_cBK
999 _c145678
_d145678